Bài giảng điện học I : (Dùng cho sinh viên ngành vật lý)
Bài giảng trình bày về điện trường, vật dẫn điện trong điện trường, điện môi, dòng điện,...
Đã lưu trong:
| Príomhúdar: | |
|---|---|
| Formáid: | Leabhar |
| Teanga: | Undetermined |
| Foilsithe: |
Cần Thơ
Trường Đại học Cần Thơ
2000
|
| Ábhair: | |
| Clibeanna: |
Cuir Clib Leis
Gan Chlibeanna, Bí ar an gcéad duine leis an taifead seo a chlibeáil!
|
| Thư viện lưu trữ: | Trung tâm Học liệu Trường Đại học Cần Thơ |
|---|
| LEADER | 00840nam a2200217Ia 4500 | ||
|---|---|---|---|
| 001 | CTU_40213 | ||
| 008 | 210402s9999 xx 000 0 und d | ||
| 082 | |a 537 | ||
| 082 | |b T502/T.1 | ||
| 100 | |a Phạm, Văn Tuấn | ||
| 245 | 0 | |a Bài giảng điện học I : | |
| 245 | 0 | |b (Dùng cho sinh viên ngành vật lý) | |
| 245 | 0 | |c Phạm Văn Tuấn (Biên soạn) | |
| 260 | |a Cần Thơ | ||
| 260 | |b Trường Đại học Cần Thơ | ||
| 260 | |c 2000 | ||
| 520 | |a Bài giảng trình bày về điện trường, vật dẫn điện trong điện trường, điện môi, dòng điện,... | ||
| 650 | |a Electricity,Electricity,Electromagnetism,Physics | ||
| 650 | |x Study and teaching | ||
| 904 | |i Trọng Hải | ||
| 980 | |a Trung tâm Học liệu Trường Đại học Cần Thơ | ||